000 00644nam a22002297a 4500
003 UA-OsUOA
001 34344
007 ta
008 20050928b un ||||| |||| 00| 0 ukr d
100 _aДавиташвили М.
090 _a821.353.1
_bД13
942 _cBK
040 _aUA-OsUOA
_brus
_cUA-OsUOA
_dUA-OsUOA
245 _aРепортаж из Сакартвело
300 _a431 с.
955 _a3
041 _arus
080 _a821.353.1
260 _aТбилиси
_bЛитература да Хеловнеба
_c1967
650 7 _a82 Література. Літературознавство
_2UDC
999 _c320775
_d320775